00237nam a2200097Ia 4500008004100000082001600041100001900057245002100076260003200097650001000129220204s9999 xx 000 0 und d a632.51bHIL aHILL, Thomas A 0aBiology of weeds aLondonbEdward Arnoldc1977 aWeeds